W Jakim Klubie Gra ten Piłkarz? [TRUDNE] - Statystyki

Ogólne statystyki
  • Ten quiz został rozwiązany 33 razy
  • Średni wynik to 3 z 14
Statystyki odpowiedzi
Piłkarz Klub % Poprawnych
Danilo Juventus
55%
Kevin Strootman Cagliari
52%
Nani Venezia
48%
Marcos Rojo Boca Juniors
42%
Vadis Odjidja-Ofoe KAA Gent
23%
Radja Nainggolan Royal Antwerpia
23%
Aleksandr Kokorin Fiorentina
19%
Javier Hernández [Chicharito] Los Angeles Galaxy
19%
Uğurcan Çakır Trabzonspor
19%
Roland Sallai Freiburg
13%
James Rodríguez Al-Rajjan
6%
Mathieu Flamini Getafe
6%
Shinji Kagawa PAOK Saloniki
6%
Nuri Sahin Antalyaspor
3%
Nie znaleziono quizów pasujących do podanych kryteriów
Rozkład punktacji
Procent ludzi z każdym wynikiem
Percentyl według liczby udzielonych odpowiedzi
Twoja historia wyników
Nie rozwiązałeś tego quizu